000 01328nab a22002177a 4500
999 _c5864
_d5864
003 OSt
005 20260108230205.0
008 190514b xxu||||| |||| 00| 0 spa d
040 _cPJ
100 _96750
_aMaría Catalina Bruni
245 1 0 _aBalance, consolidación y desafíos en la actuación del Ministerio Público a diez años de la vigencia del Código Civil y Comercial de la Nación /
_cMaría Catalina Bruni, Ornela Piccinelli.
300 _ap. 275-288
505 _aSumario: I. Introducción.— II. El MPT: entre continuidades y resignificaciones en clave de DD. HH.— III. Ajustes procesales en clave de igualdad. Un marco teórico desde el derecho procesal.— IV. Reforzamientos procesales con perspectiva de derechos humanos a través de la figura del MPT.— V. El desafío de la legitimación transversal del MP: la proyección del art. 103 del Cód. Civ. y Com. y sus tensiones.— VI. A modo de balance.
505 _tSi te interesa el texto, comunicate a koha@justierradelfuego.gov.ar
650 0 _91497
_aCODIGO CIVIL Y COMERCIAL
650 0 _9967
_aDERECHO DE FAMILIA
650 0 _94022
_aMINISTERIO PÚBLICO FISCAL
700 _94688
_aPiccinelli, Ornela
_ecoautor
773 0 _02844
_93222
_dBuenos Aires : AbeledoPerrot, 1989-
_tDerecho de familia. N° 120 - Julio 2025
_z18511201
942 _2udc
_cANA